Speed Test-Mathematics-Multiplication-The Content Update - Statistics

General Stats
  • This quiz has been taken 45 times
    26 since last reset
  • The average score is 5 of 10
Answer Stats
Calculation Answer % Correct
11x4 44
100%
89x1 89
100%
37x5 185
67%
45x0,1 4,5
67%
37x20 740
64%
50x100 5000
56%
72x80 5760
50%
36x45 1620
43%
10000x0,000001 0,01
36%
62x58 3596
33%
80x81 6480
25%
10000000x1000000 10000000000000
20%
700x3500 24500000
14%
12x357 4284
14%
19x42 798
14%
No matching quizzes found
Score Distribution
Percent of People with Each Score
Percentile by Number Answered
Your Score History
You have not taken this quiz since the last reset